=LDR 00000nam 2200000 4500 =001 NUTBA000000000000316 =005 20140320141902.0 =006 =007 =008 =020 ##$$a 979-489-054-5 =035 ##$$a 0010-031400000000315 =040 ##$$a Ind =082 ##$$a 632.95 =090 ##$$a 632.95$bWud p =100 ##$$a Wudianto, Rini. =245 ##$$a Petunjuk penggunaan pestisida$bRini wudianto =250 ##$$a Cet.10 =260 ##$$a Jakarta$bPenebar swadaya$c1999. =300 ##$$a Viii,144 Hlm$bIlus$c21 cm. =850 ##$$a NBPNMAT =990 ##$$a Dw00028854 =990 ##$$a 90845/BPAP-NTB/2014